ბათუმის შოთა რუსთაველის სახელმწიფო უნივერსიტეტის ბიბლიოთეკა

ზოგადი და არაორგანული ქიმიის ლაბორატორიული პრაქტიკუმი : (ბიბ.ჩანაწერი № 64117)

000 -ლიდერი
ფიქსირებული სიგრძის საკონტროლო ველი 01771nam a22002777a 4500
003 - საკონტროლო ნომრის იდენტიფიკატორი
საკონტროლო ველი Ge_BSU
005 - ბოლო ოპერაციის თარიღი და დრო
საკონტროლო ველი 20260408104649.0
008 - ფიქსირებული სიგრძის მონაცემთა ელემენტები - ზოგადი ინფორმაცია
ფიქსირებული სიგრძის საკონტროლო ველი 260408s2020 ge ||||| |||| 00| 0 geo d
020 ## - წიგნის საერთაშორისო სტანდარტული ნომერი
International Standard Book Number 9789941257995
041 ## - ენის კოდი
Language code of text/sound track or separate title geo
080 ## - უნივერსალური ათობითი კლასიფიკაციის ინდექსი
Universal Decimal Classification number 546(076.5) ფ-34
100 ## - მთავარი ჩანაწერი - პიროვნების სახელი
Personal name ფაჩულია, ზურაბ
9 (RLIN) 633
245 ## - ცნობა სათაურის შესახებ
Title ზოგადი და არაორგანული ქიმიის ლაბორატორიული პრაქტიკუმი :
Remainder of title [დამხმარე სახელმძღვანელო] /
Statement of responsibility, etc ზურაბ ფაჩულია, ნინო ნიკოლაძე, ემა ჭურღულია; რედაქტორი შ. სიდამონიძე; სოხუმის სახელმწ. უნივერსიტეტი.
264 ## - წარმოების, გამოცემის, დისტრიბუციის და სხვა ცნობები
გამოცემის, წარმოების, დისტრიბუციის... ადგილი თბილისი :
გამოცემის, წარმოების, დისტრიბუციის... სახელწოდება მერიდიანი,
გამოცემის, წარმოების, დისტრიბუციის... თარიღი 2020.
300 ## - ფიზიკური აღწერა
Extent 240 გვ. ;
Other physical details 20 სმ.
504 ## - BIBLIOGRAPHY, ETC. NOTE
Bibliography, etc ბიბლიოგრაფია: გვ. 238.
653 ## - INDEX TERM--UNCONTROLLED
Uncontrolled term არაორგანული ქიმია
653 ## - INDEX TERM--UNCONTROLLED
Uncontrolled term ქიმიის ლაბორატორიაში მუშაობის წესი
653 ## - INDEX TERM--UNCONTROLLED
Uncontrolled term რეაქტივებით სარგებლობის წესები
653 ## - INDEX TERM--UNCONTROLLED
Uncontrolled term ქიმიური ჭურჭლები და ხელსაწყოები
700 ## - ADDED ENTRY--PERSONAL NAME
Personal name ნიკოლაძე, ნინო
Relator term ავტორი
9 (RLIN) 27281
700 ## - ADDED ENTRY--PERSONAL NAME
Personal name ჭურღულია, ემა
Relator term ავტორი
9 (RLIN) 27282
700 ## - ADDED ENTRY--PERSONAL NAME
Personal name სიდამონიძე, შ.
Relator term რედაქტორი
9 (RLIN) 27283
710 ## - ADDED ENTRY--CORPORATE NAME
Corporate name or jurisdiction name as entry element სოხუმის სახელმწ. უნივერსიტეტი
9 (RLIN) 27284
942 ## - ADDED ENTRY ELEMENTS (KOHA)
Source of classification or shelving scheme
Koha item type წიგნი
ეგზემპლარები
ჩამოწერის სტატუსი დაკარგული ეგზემპლარის სტატუსი კლასიფიკაციის წყარო ან თაროზე გაწყობის სქემა დაზიანების სტატუსი არ გაიცემა მუდმივი მდებარეობა (დაცვის ადგილი) ამჟამინდელი ადგილსამყოფელი თაროზე განთავსების ადგილი შეძენის თარიღი ღირებულება, შესყიდვის ნორმალური ფასი სრული შენახვის შიფრი შტრიხკოდი ბოლო ოპერაციის თარიღი ეგზემპლარის მიმდევრობითი ნომერი (კეტერი?) Uniform Resource Identifier ფასის ძალაში შესვლის თარიღი ეგზემპლარის სახეობა საჯარო შენიშვნა
          ბათუმის შოთა რუსთაველის სახელმწიფო უნივერსიტეტის მთავარი ბიბლიოთეკა ბათუმის შოთა რუსთაველის სახელმწიფო უნივერსიტეტის მთავარი ბიბლიოთეკა წიგნსაცავი 2026-04-08 10.00 546(076.5) ფ-34 74258 2026-04-08 74258 ნაჩუქარი 2026-04-08 წიგნი 10 ლ.